000 00299nam a22001337a 4500
008 170529b xxu||||| |||| 00| 0 eng d
020 _a9788120341555
041 _aeng
080 _22ND
_a624
100 _a27
101 _aIM
245 _aGEOTECHNICAL ENGINEERING
_cCODUTO, D.P
942 _2udc
_cBK
999 _c14724
_d14724